000 00588nam a2200193Ia 4500
003 LDD
008 181029s9999 xx 000 0 und d
020 _a9780521115902
_cP 45.00
040 _cLDD
100 _aOlafsen, Jeffrey
245 0 _aExperimental and computational techniques in soft condensed matter physics
_cJeffrey Olafsen
260 _aNew York
_bCambridge University Press
_c2010
300 _aix, 328p.
365 _bP 45.00
901 _a7832
_b11-10-2011
902 _aIN1393
_b18-10-2011
_cF
_dTBB
_e53
903 _aDiscount-15
_bReqst by : S. Gokhale
942 _2ddc
_cBK
999 _c99052
_d99052